000 00240nam a22001097a 4500
040 _cSK
082 _a530
100 _aអាត់ ចន្ថា
245 _aរូបវិទ្យា
260 _aRUA
_bអាត់
_c2002
942 _cKB
999 _c8468
_d8468